La figura histórica de alberdi /

Guardado en:
Autor Principal: Quesada, Ernesto
Formato: Libro
Publicado: Buenos Aires : Schenone, 1919
Edición:2
Materias:
Etiquetas: Agregar Etiqueta
Sin Etiquetas, Sea el primero en etiquetar este registro!
LEADER 00467nam a22001815a 4500
001 CEM.cems005215
005 20060220000000.0
008 130507s1919##################000#0#####d
003 CEMS
082 0 4 |a 923 
100 1 |a Quesada, Ernesto 
245 1 0 |a La figura histórica de alberdi / 
250 |a 2 
260 |a Buenos Aires :  |b Schenone,  |c 1919 
300 |a 42 
653 |a Alberdi 
653 |a Biografias 
859 |a CEMS  |b BIB. CEMS - 11 de abril  |h 923  |i AL14a2q  |p 10625.81  |t Ej.1